Pokémon by Picture - Letter A - Statistics

General Stats
  • This quiz has been taken 44 times
  • The average score is 13 of 15
Answer Stats
Picture Answer % Correct
Articuno
97%
Abra
94%
Alakazam
94%
Arbok
94%
Arcanine
94%
Absol
91%
Arceus
91%
Abomasnow
88%
Aerodactyl
85%
Aipom
82%
Altaria
82%
Ampharos
82%
Azumarill
79%
Aron
76%
Axew
71%
No matching quizzes found
Score Distribution
Percent of People with Each Score
Percentile by Number Answered
Your Score History
You have not taken this quiz